| 000 | 00543nam a2200217Ia 4500 | ||
|---|---|---|---|
| 008 | 101110s9999 xx 000 0 und d | ||
| 041 | _aENGLISH | ||
| 082 | _bSR33336 | ||
| 100 | _aBhima Shankaram T. & Prasad G. | ||
| 245 | _aApplied physics,3rd edition | ||
| 260 |
_c2008 _bBS Publications, Hyderabad |
||
| 300 | _a455 | ||
| 365 | _b225 | ||
| 520 | _aPhysics | ||
| 546 | _aENGLISH | ||
| 630 | _aApplied physics,3rd edition | ||
| 650 | _aPhysics | ||
| 655 | _aPhysics | ||
| 730 | _aApplied physics,3rd edition | ||
| 942 | _cBOOK | ||
| 999 |
_c825837 _d825834 |
||